Statistics for Kolson's Presidents List

Click here to take the quiz!

General Stats

  • This quiz has been taken 3 times
  • The average score is 10 of 26

Answer Stats

HintAnswer% Correct
11ththe black guy
100%
25thbenjamin harrison
50%
21stchester a arthur
50%
22ndcollin enword
50%
26thi don know
50%
7thincolman
50%
17thjames boo chan
50%
20thjames garfield
50%
1stjoe biden
50%
15thjoe mama
50%
12thkolson
50%
14thmona lisa
50%
24thsisi
50%
2ndthe black person
50%
3rdthe orange guy
50%
4ththe poor guy
50%
9thur dad
50%
8thur mom
50%
5thben shapiro
0%
6thcollin hayward
0%
16thfranken lavagandai
0%
18thlesbian s krant
0%
23ndryan eword
0%
13ththe chinese person
0%
10ththe white hair guy
0%
19thwater fonz
0%

Score Distribution

Percentile by Number Answered

Percent of People with Each Score

Your Score History

You have not taken this quiz